00843nam a2200217 a 45000010005000000030009000050080041000140400028000550820015000831000041000982450125001392600064002643000010003286500035003386500034003736500029004076500011004369420012004479990017004599520149004769495CO-ViMGA141112s2004 ck r 000 u spa d aCO-ViMGAbspacCO-ViMGA04a340.2 C9331 aCristancho Parra ; Leopoldo, 91049810aLa acción de tutela guía practica : blegislación demandas, sentencias corte constitucional doctrina, comentarios. aSantafé de Bogotá : bEdiciones Juridicas Rodar, c1982 a329p.14aCONSTITUCION Política91049914aDERECHOS FUNDAMENTALES91050014aDERECHOS SOCIALES91050114aTUTELA 2ddccBK c20992d20992 00102ddc40708002aMEVIECARbMEVIECARd2015-12-04hVolumen. 1 | 11/jun/2009l0o340.2 C933 p9495r2015-12-04 00:00:00tEj. 1w2015-12-04yBK